| 000 | 00472nam a2200181Ia 4500 | ||
|---|---|---|---|
| 001 | 17724 | ||
| 005 | 20260306171538.0 | ||
| 008 | 260306s9999||||xx |||||||||||||| ||und|| | ||
| 041 | _aESP | ||
| 082 |
_a658.15 _bP59 |
||
| 100 |
_aPiñeiro Sánchez, Carlos _eAUT |
||
| 245 | 0 |
_aDirección financiera: _bun enfoque centrado en valor y riesgo |
|
| 260 | _c2010 | ||
| 300 |
_axviii, 375 páginas : _c24 cm. |
||
| 650 | _aGEN | ||
| 654 | _aCAN | ||
| 942 |
_cLIB _dJUS _fJUS _2ddc _n |
||
| 999 |
_c17724 _d17724 |
||